Statistics for Oscar Actors by Picture #3

Click here to take the quiz!

General Stats

  • This quiz has been taken 469 times
  • The average score is 11 of 20

Answer Stats

Answer% Correct
Will Smith
97%
Brad PItt
94%
Harrison Ford
87%
Jamie Foxx
84%
Robert De Niro
80%
Denzel Washington
79%
Adam Driver
74%
Alec Baldwin
71%
Timothée Chalamet
71%
Eddie Redmayne
58%
River Phoenix
50%
Daniel Day-Lewis
49%
Benicio del Toro
44%
James Stewart
40%
Orson Welles
36%
Christopher Plummer
33%
Richard Burton
24%
Steven Yeun
24%
William Holden
12%
Montgomery Clift
11%

Score Distribution

Percentile by Number Answered

Percent of People with Each Score

Your Score History

You have not taken this quiz